La doctrina moral de Adam Smith (Registro nro. 28396)

Detalles MARC
000 -LEADER
fixed length control field 00380 a2200109 4500
001 - CONTROL NUMBER
control field ART_23125
005 - DATE AND TIME OF LATEST TRANSACTION
control field 20260410161929.0
008 - FIXED-LENGTH DATA ELEMENTS--GENERAL INFORMATION
fixed length control field 260409a
100 1# - MAIN ENTRY--PERSONAL NAME
Personal name Letizia, Francisco
245 10 - TITLE STATEMENT
Title La doctrina moral de Adam Smith
773 0# - HOST ITEM ENTRY
Title Revista de la Facultad de Ciencias Económicas de la Universidad de Cuyo
Related parts - Año XXXIV, Nº 86 (jul./dic. 1982)
Record control number REV22981

No hay ítems disponibles.